000 01367cam a22003617a 4500
003 CHAP
005 20220329142835.0
008 040622d2003 mx r 00110 spa d
010 _a88561
011 _a89533
035 _a100084
040 _cCHAP
090 _aTesis
100 0 0 _aCruz Millán, Margarita.
_929509
245 1 0 _aDesarrollo de una interfase para establecer criterios para la recuperación de información a partir del uso de claves
_c/por Margarita Cruz Millán
260 _aMontecillo, Méx. :
_bEl autor,
_c2003.
300 _a56 h.
502 _aTesis (M.C.) - - C.P. Instituto de Socioeconomía, Estadística e Informática. Programa en Computo Aplicado
590 _aALEPH
_b10
_c20130110
_lUCH01
_h1459
590 _aBATCH-UPD
_b10
_c20130110
_lUCH01
_h1304
590 _aBATCH-UPD
_b10
_c20130410
_lUCH01
_h0820
590 _aBATCH-UPD
_b10
_c20130914
_lUCH01
_h0239
590 _aBATCH-UPD
_b10
_c20130914
_lUCH01
_h1937
590 _aCONVERSION
_b10
_c20130109
_lUCH01
_h1349
650 1 4 _aAlmacenamiento y recuperación de la información.
_94462
650 1 4 _aLenguajes de programación.
_965989
650 1 4 _aProcesamiento automático de datos.
_991738
650 1 4 _aSistemas de información.
_9106760
901 _aBK
905 _aAlejandra Carrasco M.
942 _cTESIS
949 _aTesis
_bBC
_cTES
_d1000841
_eTS1
_h42199
_i100084
_sb
999 _c88561
_d88561